000 00414nam a22001697a 4500
003 MPLRDC
005 20220104143947.0
008 210129b ||||| |||| 00| 0 eng d
082 _a857.621 NK-59 v.12
100 _a卫斯理
245 _a天才白痴
_c
260 _a
_b明窗出版社
_c
300 _b
490 _a卫斯理科幻系列. 12
650 _a科幻小说
942 _cBK
_o857.621 NK-59 v.12
999 _c45036
_d45026